000 00585nam a2200181 a 4500
005 20140412111325.0
008 000818s19uu xx 00 eng d
020 _a0-590-76346-6
050 _aTR(PS E
_bWh55 1996
100 _aBenjamin, A. H.
245 _aWhat if? /
_cA. H. Benjamin ; pictures by Jane Chapman.
260 _aNew York :
_bScholastic Inc,
_c1996.
300 _a1 v. (unp.) ; ill.
520 _aSomething special is happening on Buttercup Farm - a kangaroo is coming to stay!
650 _aAnimal stories-Fiction
650 _aKangaroos-Fiction
999 _c104576
_d104576